000 00483nam a22001577a 4500
003 macl
005 20200211121048.0
008 200211b xxu||||| |||| 00| 0 eng d
040 _cmacl
082 _a891.433/SUB
100 _a सुबीर , पंकज
_973531
245 _aअकाल में उत्‍सव
260 _a सीहोर
_bशिवना पेपरबैक्‍स
_c2017
650 _aउपन्‍यास
_978102
942 _2ddc
_cHIN
999 _c61997
_d61997